000 00370nam a22001457a 4500
003 OSt
005 20160727222416.0
008 160625b xxu||||| |||| 00| 0 eng d
040 _cTEST
100 _91141
_aChaudhuri, B.P
245 _aWilliam Shakespear As You Like it
260 _aNEW DELHI
_bAARTI
_c1981
300 _aWilliam Shakespear As You Like it
942 _2ddc
_cBK
999 _c923
_d923